<?xml version="1.0" encoding="UTF-8"?>
<record
    xmlns:xsi="http://www.w3.org/2001/XMLSchema-instance"
    xsi:schemaLocation="http://www.loc.gov/MARC21/slim http://www.loc.gov/standards/marcxml/schema/MARC21slim.xsd"
    xmlns="http://www.loc.gov/MARC21/slim">

  <leader>00630nam a2200217Ia 4500</leader>
  <controlfield tag="003">OSt</controlfield>
  <controlfield tag="005">20250305164717.0</controlfield>
  <controlfield tag="008">210423s2016    xx            000 0 und d</controlfield>
  <datafield tag="020" ind1=" " ind2=" ">
    <subfield code="a">978-81-316-0789-3</subfield>
  </datafield>
  <datafield tag="040" ind1=" " ind2=" ">
    <subfield code="c">AL</subfield>
  </datafield>
  <datafield tag="041" ind1=" " ind2=" ">
    <subfield code="a">eng</subfield>
  </datafield>
  <datafield tag="082" ind1=" " ind2=" ">
    <subfield code="a">362.76095479 </subfield>
    <subfield code="2">PANS</subfield>
  </datafield>
  <datafield tag="100" ind1=" " ind2=" ">
    <subfield code="a">PANDE (Rama Achyut)</subfield>
    <subfield code="9">119204</subfield>
  </datafield>
  <datafield tag="245" ind1=" " ind2=" ">
    <subfield code="a">Sexual abuse of girl children: some hidden facts</subfield>
  </datafield>
  <datafield tag="260" ind1=" " ind2=" ">
    <subfield code="a">Jaipur</subfield>
    <subfield code="b">Rawat Publications</subfield>
    <subfield code="c">2016</subfield>
  </datafield>
  <datafield tag="300" ind1=" " ind2=" ">
    <subfield code="a">x,201</subfield>
    <subfield code="b">HB</subfield>
  </datafield>
  <datafield tag="365" ind1=" " ind2=" ">
    <subfield code="b">940</subfield>
    <subfield code="c">INR</subfield>
  </datafield>
  <datafield tag="650" ind1=" " ind2=" ">
    <subfield code="a">Social Welfare Problems &amp; Services</subfield>
    <subfield code="9">119205</subfield>
  </datafield>
  <datafield tag="906" ind1=" " ind2=" ">
    <subfield code="a">abuse ; children: ; facts ; girl ; hidden ; Sexual ; some</subfield>
  </datafield>
  <datafield tag="942" ind1=" " ind2=" ">
    <subfield code="2">ddc</subfield>
    <subfield code="c">BK</subfield>
  </datafield>
  <datafield tag="999" ind1=" " ind2=" ">
    <subfield code="c">176537</subfield>
    <subfield code="d">176537</subfield>
  </datafield>
  <datafield tag="952" ind1=" " ind2=" ">
    <subfield code="0">0</subfield>
    <subfield code="1">0</subfield>
    <subfield code="2">ddc</subfield>
    <subfield code="4">0</subfield>
    <subfield code="7">0</subfield>
    <subfield code="8">MSW</subfield>
    <subfield code="a">SACPG</subfield>
    <subfield code="b">SACPG</subfield>
    <subfield code="d">2017-10-25</subfield>
    <subfield code="e">Intact Bookhouse</subfield>
    <subfield code="g">940.00</subfield>
    <subfield code="l">2</subfield>
    <subfield code="o">362.76095479 PANS</subfield>
    <subfield code="p">PG023241</subfield>
    <subfield code="r">2023-08-28 00:00:00</subfield>
    <subfield code="s">2023-08-22</subfield>
    <subfield code="w">2021-04-26</subfield>
    <subfield code="y">BK</subfield>
  </datafield>
</record>
